000 00422nam a2200133Ia 4500
008 220204s9999 xx 000 0 und d
082 _aNR:62:678.028.6
_bAHM
245 0 _aRubber waste : Options for small-scale resource recovery
260 _aNerthlands
_bTool Technology Transfer for Development
_c1996
490 _aUrban solid waste series 3
650 _aRubber wasterecovery
700 _aAhmed, Rehman
942 _cBK
999 _c41092
_d41092